00757nam a2200253 a 450000100060000000300080000600500170001400800410003102000140007202000140008603500190010004000260011904100080014508200290015310000200018224500400020226000400024230000250028249000250030750400380033265100560037065100520042683000250047864686BD-RjUL20211209081332.0170219b ch ||||| |||| 00| 0 eng d a812901878 a812961498 a(BD-RjUL)64816 aBD-RjULbengcBD-RjUL aeng 223a309.142082bBRI 19711 aNaylor, John F 10aBritain, 1919-1970 /cJohn F Naylor aChicago :bQuadrangle Books,cc1971 aix, 225 p. ;c22 cm. aNew York times book. aIncludes bibliography and index.  aGreat BritainxEconomic conditionsy20th centuryz  aGreat BritainxSocial conditions y20th century aNew York times book.